000 00391nam a22001577a 4500
020 _a9780070144552
082 _a621.319 PAB
100 _aPabla, A.S.
245 _aElectric power distribution
250 _a6th ed.
260 _aNew Delhi, India
_bMcGraw Hill
_c2011
300 _axix, 1008 p.
_bill. ;
500 _aIncludes index.
650 _aElectric power distribution
942 _cBK
999 _c12625
_d12625